Turismo aventura en Costa Rica e influencia de los factores socio-demográficos, motivos y condición de viaje del turista internacional en el número de actividades realizadas /
El siguiente artículo desarrolla un análisis de la Certificación de Sostenibilidad Turística (CST) como una norma innovadora. Se pretende determinar cuáles son los principales ámbitos, factores, elementos y características de la CST, además de los cambios organizativos que debe acometer la organizac...
Wedi'i Gadw mewn:
| Prif Awdur: | |
|---|---|
| Awduron Eraill: | , |
| Fformat: | Texto |
| Pynciau: | |
| Tagiau: |
Ychwanegu Tag
Dim Tagiau, Byddwch y cyntaf i dagio'r cofnod hwn!
|
MARC
| LEADER | 00000 a a2200000 04500 | ||
|---|---|---|---|
| 001 | 45788 | ||
| 003 | |||
| 040 | |a CRAI/IIS |c CRAI/IIS | ||
| 100 | |a Villalobos-Céspedes, Daniel | ||
| 245 | |a Turismo aventura en Costa Rica e influencia de los factores socio-demográficos, motivos y condición de viaje del turista internacional en el número de actividades realizadas / |c Daniel Villalobos-Céspedes, Alfredo Tolón-Becerra, Emilio Galdeano-Gómez | ||
| 520 | |a El siguiente artículo desarrolla un análisis de la Certificación de Sostenibilidad Turística (CST) como una norma innovadora. Se pretende determinar cuáles son los principales ámbitos, factores, elementos y características de la CST, además de los cambios organizativos que debe acometer la organización para lograr un resultado eficaz y servicio al cliente. | ||
| 590 | |a RRH/ABRIL2014 | ||
| 650 | |a TURISMO | ||
| 650 | |a RECURSOS NATURALES | ||
| 650 | |a CERTIFICADOS | ||
| 650 | |a AMBIENTE | ||
| 650 | |a EMPLEO | ||
| 650 | |a COSTA RICA | ||
| 700 | |a Tolón-Becerra, Alfredo | ||
| 700 | |a Galdeano-Gómez, Emilio | ||
| 773 | |g volumen30, número1 (2012), páginas 163-180: tablas | ||
| 999 | |c 18474 |d 18474 | ||
